| 000 | 00505nam a2200181Ia 4500 | ||
|---|---|---|---|
| 008 | 240925s9999 xx 000 0 und d | ||
| 020 | _a9781639891450 | ||
| 082 | _a006.312 BOL | ||
| 100 | _aBolton, Julio | ||
| 245 | 0 | _aData analytics: techniques and applications | |
| 250 | _aNA | ||
| 260 |
_aNew York: _bStates Academic Press _c2022 |
||
| 300 |
_a230p. _bNA _fNA |
||
| 500 | _aIncludes Index | ||
| 600 | _aComputer Science | ||
| 650 | _aComputer science, information & general works | ||
| 942 | _cBK | ||
| 999 |
_c18228 _d18228 |
||